El modelo contable (Registro nro. 6965)

Detalles MARC
000 -LEADER
fixed length control field 01617 a2200217 4500
001 - CONTROL NUMBER
control field 60396
005 - DATE AND TIME OF LATEST TRANSACTION
control field 20260407155855.0
008 - FIXED-LENGTH DATA ELEMENTS--GENERAL INFORMATION
fixed length control field 260407a2003 arg spa d
003 - CONTROL NUMBER IDENTIFIER
control field AR-UNSa-BCEJYS
040 ## - CATALOGING SOURCE
Original cataloging agency AR-UNSa-BCEJYS
Language of cataloging spa
Transcribing agency AR-UNSa-BCEJYS
080 ## - UNIVERSAL DECIMAL CLASSIFICATION NUMBER
Universal Decimal Classification number 657
Common auxiliary subdivision Contabilidad
041 ## - LANGUAGE CODE
Language code of text/sound track or separate title spa
100 1# - MAIN ENTRY--PERSONAL NAME
Personal name Ostengo, Héctor Carlos
245 10 - TITLE STATEMENT
Title El modelo contable
Name of part/section of a work Análisis doctrinario del modelo de las Normas Contables Profesionales
250 ## - EDITION STATEMENT
Edition statement 2a. ed.
264 #1 - PRODUCTION, PUBLICATION, DISTRIBUTION, MANUFACTURE, AND COPYRIGHT NOTICE
Place of production, publication, distribution, manufacture San Miguel de Tucumán :
Name of producer, publisher, distributor, manufacturer Ediciones El Graduado
Date of production, publication, distribution, manufacture, or copyright notice 2003
300 ## - PHYSICAL DESCRIPTION
Extent 305 p.
Dimensions 29 cm.
505 ## - FORMATTED CONTENTS NOTE
Formatted contents note 1. Introducción al estudio de los modelos contables - 2- El resultado a partir del concepto de capital a mantener - 3. La unidad de medida y el contexto - 4. La acción de homegeneización de las partidas - 5. Cuantificación del efecto producido por la perdida del poder adquisitivo de la moneda, sobre las partidas activas y pasivas - 6. La homegeneización del patrimonio neto y resultados - 7. El proceso secuencial - 8. Las mediciones contables de activos y pasivos - 9. Los devengamientos generados por la utilización de los criterios de medición - 10. Los resultados por tenencia - 11. Un caso general: caso "la novedad" - 12. Distintos modelos contables - 13. Determinación de los valores límites para los activos y pasivos - 14. Activos de costos financieros - 15. Revalúos técnicos - 16. Importancia de un estado de flujo de efectivo - 17. Un caso completo para elaborar el estado de flujo de efectivo - 18. Historia y actualidad del ajuste por inflación
590 ## - LOCAL NOTE (RLIN)
Local note niveau_biblio:m niveau_hierar:0
942 ## - ADDED ENTRY ELEMENTS (KOHA)
Koha item type
Existencias
Withdrawn status Lost status Damaged status Not for loan Home library Current library Shelving location Date acquired Total checkouts Full call number Barcode Date last seen Price effective from Koha item type
        Biblioteca Prof. Eusebio Cleto del Rey Biblioteca Prof. Eusebio Cleto del Rey   07/04/2026   657 O85o L129152 07/04/2026 07/04/2026 Libro